|
|
|
|
| LEADER |
00758nam a22001577a 4500 |
| 020 |
|
|
|a 0-07-142036-3
|
| 082 |
|
|
|a 658.4092
|b LOM/W
|
| 100 |
|
|
|a Vince Lombardi
|9 175632
|
| 245 |
|
|
|a What It Takes To Be £ 1 Vince Lombardi On Leadership
|
| 260 |
|
|
|a New Delhi
|b McGraw-Hill
|c 2001
|
| 300 |
|
|
|a vii+278p.
|
| 650 |
|
|
|a What It Takes To Be £ 1 Vince Lombardi On Leadership
|9 175633
|
| 856 |
|
|
|u http://www.amazon.in/What-It-Takes-Be-Leadership/dp/0071420363?tag=googinhydr18418-21&kpid=0071420363&tag=googinkenshoo-21&ascsubtag=18b3cc26-eb84-486f-a8a7-8b1b94353ebb#reader_0071420363
|
| 942 |
|
|
|c BK
|
| 999 |
|
|
|c 190405
|d 190401
|
| 952 |
|
|
|0 0
|1 0
|4 0
|6 658_409200000000000_LOM_W
|7 0
|8 NFIC
|9 191000
|a SMBS
|b SMBS
|c GEN
|d 2015-08-10
|l 0
|o 658.4092 LOM/W
|p SMBSR1064
|r 2015-08-10
|w 2015-08-10
|y REF
|